000 00317nam a22001337a 4500
008 181011b xxu||||| |||| 00| 0 eng d
020 _a0898625122
041 _aeng
080 _22nd
_a159.9
100 _a48
101 _aPSI
245 _aBehavioral Assessment of Childhood Disorders
_cMash,E.J
942 _2udc
_cBK
999 _c49339
_d49339